00422pab a2200145 454500008004000000100002300040245006500063260000900128300001500137362000800152650002700160700001800187700002000205773005100225180718b2017 xxu||||| |||| 00| 0 eng d aRebora, Gianfranco aA serious game: performance management in Italian ministries c2017 ap.770-779. aSep aPerformance management aTurri, Matteo aRuffini, Renato aInternational Journal of Public Administration